Penguin Species Quiz - Statistics

General Stats
  • This quiz has been taken 1,094 times
  • The average score is 13 of 17
Answer Stats
Penguin Species % Correct
Emperor
98%
King
93%
Adelie
88%
Rockhopper
87%
Little
85%
Macaroni
82%
African
81%
Gentoo
80%
Chinstrap
79%
Galapagos
76%
Humboldt
67%
Yellow-Eyed
67%
Magellanic
63%
Erect-Crested
61%
Royal
58%
Fiordland
55%
Snares
52%
No matching quizzes found
Score Distribution
Percent of People with Each Score
Percentile by Number Answered
Your Score History
You have not taken this quiz